[Event "Winter 2009 Masters Championship"]
[Site "SchemingMind.com"]
[Date "2009.12.16"]
[Round "-"]
[White "pcmvr"]
[Black "Chess_Man01"]
[Result "1/2-1/2"]
[WhiteCountry "NED"]
[BlackCountry "GBR"]
[WhiteElo "2319"]
[WhiteRD "92"]
[BlackElo "2335"]
[BlackRD "73"]
[GameID "231251"]

1. b4 e5 2. Bb2 Bxb4 3. f4 d6 4. fxe5 dxe5 5. Bxe5 Nf6 6. a3 Ng4 7. axb4 Nxe5 8. Nc3 Nbc6 9. b5 Nb4 10. Qb1 Qe7
11. Nf3 Nxf3+ 12. gxf3 Qh4+ 13. Kd1 a5 14. bxa6 bxa6 15. e4 a5 16. Nd5 O-O 17. Nxb4 Qh5 18. Rg1 Qxh2 19. Rg2 Qh1 20. Rf2 Bh3
21. Ke2 axb4 22. Rxa8 Rxa8 23. Qxb4 Bxf1+ 24. Rxf1 Qg2+ 25. Rf2= Qg3 26. Qc5 h6 27. f4 Qg4+ 28. Ke3 Qg1 29. Qxc7 Qg3+ 30. Rf3 Qe1+
31. Kd3 Qg1 32. f5 Ra3+=
1/2-1/2

[Event "Winter 2009 Masters Championship"]
[Site "SchemingMind.com"]
[Date "2009.12.15"]
[Round "-"]
[White "pcmvr"]
[Black "klagefall"]
[Result "1/2-1/2"]
[WhiteCountry "NED"]
[BlackCountry "GER"]
[WhiteElo "2297"]
[WhiteRD "105"]
[BlackElo "2050"]
[BlackRD "70"]
[GameID "231253"]

1. b4 e5 2. Bb2 Bxb4 3. f4 d6 4. fxe5 dxe5 5. Bxe5 Nf6 6. Bc3 Bxc3 7. Nxc3 O-O 8. Nf3 Re8 9. e3 c5 10. Bb5 Bd7
11. Bc4 Be6 12. Bb5 Bd7 13. Bc4 Be6 14. Bb5 Bd7=
1/2-1/2

[Event "Winter 2009 Masters Championship"]
[Site "SchemingMind.com"]
[Date "2009.12.16"]
[Round "-"]
[White "pcmvr"]
[Black "andu"]
[Result "1-0"]
[WhiteCountry "NED"]
[BlackCountry "AUT"]
[WhiteElo "2302"]
[WhiteRD "95"]
[BlackElo "2190"]
[BlackRD "56"]
[GameID "231254"]

1. b4 e5 2. Bb2 Bxb4 3. f4 d6 4. fxe5 Nh6 5. a3 Bc5 6. Nf3 dxe5 7. Bxe5 Ng4 8. e3 O-O 9. Bb2 Re8 10. Be2 Qe7
11. h3 Nh6 12. Nc3 Nf5 13. O-O Nc6 14. Bd3 Ng3 15. Re1 Bf5 16. Bxf5 Nxf5 17. Nd5 Qd6 18. c4 Ng3 19. Qc2 Bb6 20. a4 Rad8
21. a5 Bc5 22. Ra4 Qh6 23. d4 Bd6 24. e4 Qg6 25. c5 Bf8 26. Nf4 Qh6 27. Bc1 b5 28. axb6 axb6 29. cxb6 cxb6 30. Nd3 Qg6
31. Rc4 Rc8 32. d5 Bc5+ 33. Nxc5 Na5 34. Rc3 bxc5 35. Ra3 Ra8 36. Qa2 c4 37. e5
1-0

[Event "Winter 2009 Masters Championship"]
[Site "SchemingMind.com"]
[Date "2009.12.15"]
[Round "-"]
[White "pcmvr"]
[Black "talobsessed"]
[Result "1-0"]
[WhiteCountry "NED"]
[BlackCountry "SWE"]
[WhiteElo "2319"]
[WhiteRD "92"]
[BlackElo "2240"]
[BlackRD "89"]
[GameID "231255"]

1. b4 e5 2. Bb2 e4 3. e3 d5 4. c4 Nf6 5. cxd5 Nxd5 6. a3 a5 7. bxa5 Rxa5 8. Nc3 Nf6 9. Qc2 Qe7 10. d3 exd3
11. Bxd3 Nbd7 12. Nf3 Nc5 13. Be2 c6 14. O-O Qc7 15. e4 Be6 16. e5 Nfd7 17. Nd4 Qxe5 18. Rad1 Qf4 19. g3 Qh6 20. f4 Bh3
21. Rfe1 Be7 22. Bf1 Bg4 23. Nf5 Bxf5 24. Qxf5 Qf6 25. Qc2 Qh6 26. Bc4 b5 27. Bd5 Ra7 28. Bf3 Rc7 29. Na2 Ne6 30. f5 O-O
31. fxe6 fxe6 32. Kg2 Rf7 33. Nb4 c5 34. Nc6 c4 35. a4 bxa4 36. Qxc4 Nf8 37. Be5
1-0

[Event "Winter 2009 Masters Championship"]
[Site "SchemingMind.com"]
[Date "2009.12.20"]
[Round "-"]
[White "dvaldez"]
[Black "pcmvr"]
[Result "0-1"]
[WhiteCountry "CAN"]
[BlackCountry "NED"]
[WhiteElo "1908"]
[WhiteRD "74"]
[BlackElo "2326"]
[BlackRD "87"]
[GameID "231256"]

1. d4 e6 2. c4 Nf6 3. Nf3 d5 4. Nc3 Be7 5. Bg5 O-O 6. e3 h6 7. Bh4 b6 8. Rc1 Bb7 9. cxd5 Nxd5 10. Bxe7 Qxe7
11. Bd3 c5 12. dxc5 Rd8 13. Qe2 Nb4 14. Bb1 bxc5 15. a3 Ba6 16. Nb5 Qb7 17. axb4 Bxb5 18. Qc2 Bd3 19. Qxc5 Na6 20. Qc6 Qxb4+
21. Qc3 Rac8 22. Qxb4 Rxc1+ 23. Kd2 Rxb1 24. Qe7 Rxb2+ 25. Kc1 Rc2+ 26. Kd1 Rb8 27. Nd2 Nc5 28. Qxa7 Rbb2 29. Qa8+ Kh7 30. Qa5 Nb3
0-1

[Event "Winter 2009 Masters Championship"]
[Site "SchemingMind.com"]
[Date "2009.12.16"]
[Round "-"]
[White "fourluxflakes"]
[Black "pcmvr"]
[Result "0-1"]
[WhiteCountry "ENG"]
[BlackCountry "NED"]
[WhiteElo "1931"]
[WhiteRD "94"]
[BlackElo "2319"]
[BlackRD "92"]
[GameID "231257"]

1. e4 e6 2. Nf3 d5 3. e5 c5 4. b4 cxb4 5. d4 Nc6 6. a3 Bd7 7. axb4 Bxb4+ 8. c3 Ba5 9. Ba3 Nge7 10. Bd3 O-O
11. Bxh7+ Kxh7 12. Ng5+ Kg6 13. Qg4 f5 14. Qg3 f4 15. Qg4 Qe8 16. Ne4+ Kh7 17. Qh4+ Kg8 18. Nd6 Qg6 19. Nxb7 Qe4+ 20. Kf1 Qd3+
21. Ke1 Nxd4
0-1

[Event "Winter 2009 Masters Championship"]
[Site "SchemingMind.com"]
[Date "2009.12.16"]
[Round "-"]
[White "Konan_Kaddosh"]
[Black "pcmvr"]
[Result "1-0"]
[WhiteCountry "ITA"]
[BlackCountry "NED"]
[WhiteElo "2609"]
[WhiteRD "76"]
[BlackElo "2297"]
[BlackRD "105"]
[GameID "231258"]

1. e4 e6 2. d4 d5 3. Nc3 Nf6 4. e5 Nfd7 5. f4 c5 6. Nf3 Nc6 7. Be3 a6 8. Qd2 cxd4 9. Nxd4 Bc5 10. O-O-O O-O
11. h4 Nxd4 12. Bxd4 b5 13. Rh3 b4 14. Na4 Bxd4 15. Qxd4 a5 16. Bb5 Rb8 17. Bd3 Qc7 18. Kb1 f6 19. exf6 Rxf6 20. Rf3 Bb7
21. Rc1 e5 22. fxe5 Rxf3 23. gxf3 Nxe5 24. Be2 Rf8 25. c3 Qd6 26. Rg1= Bc6 27. Nb6 bxc3 28. Nc4 c2+ 29. Kxc2 Nxc4 30. Qxg7#
1-0

[Event "Winter 2009 Masters Championship"]
[Site "SchemingMind.com"]
[Date "2009.12.16"]
[Round "-"]
[White "nimzoking"]
[Black "pcmvr"]
[Result "1/2-1/2"]
[WhiteCountry "ENG"]
[BlackCountry "NED"]
[WhiteElo "2159"]
[WhiteRD "89"]
[BlackElo "2302"]
[BlackRD "95"]
[GameID "231259"]

1. e4 e6 2. d4 d5 3. Nc3 Nf6 4. Bg5 Be7 5. e5 Nfd7 6. Bxe7 Qxe7 7. Nb5 Nb6 8. c3 a6 9. Na3 c5 10. Nc2 Bd7
11. f4 O-O 12. Qh5 Ba4 13. b3 Bb5 14. Bxb5 axb5 15. Ne2 Nc6 16. O-O f6 17. Qg4 Nd7 18. a3 Ra6 19. Qh3 Na5 20. Rfb1 c4
21. bxc4 bxc4 22. Nb4 Rb6 23. Rf1 f5 24. Qg3=
1/2-1/2

[Event "Winter 2009 Masters Championship"]
[Site "SchemingMind.com"]
[Date "2009.12.16"]
[Round "-"]
[White "Chess_Man01"]
[Black "pcmvr"]
[Result "1/2-1/2"]
[WhiteCountry "GBR"]
[BlackCountry "NED"]
[WhiteElo "2309"]
[WhiteRD "72"]
[BlackElo "2326"]
[BlackRD "87"]
[GameID "231260"]

1. e4 e6 2. d4 d5 3. Nc3 Nf6 4. Bg5 Be7 5. e5 Nfd7 6. Bxe7 Qxe7 7. f4 O-O 8. Nf3 c5 9. Qd2 Nc6 10. dxc5 Nxc5
11. O-O-O a6 12. Qe3 Bd7 13. Rxd5 exd5 14. Nxd5 Qe6 15. Qxc5 Qg4 16. Qe3 Be6 17. h3 Qg3 18. Ng5 Qxe3+ 19. Nxe3 h6 20. Ne4 Rad8
21. g3 Nb4 22. a3 Nd5 23. Nc4 Nc7 24. Nc5 b5 25. Nd6 Bd5 26. Rg1 f6 27. b3 fxe5 28. fxe5 Rf3 29. Nd3 Rff8 30. Nf4 Ba8
31. Ng6 Rf2 32. Bd3 Ne6 33. Rd1 Nd4 34. g4 Ne2+ 35. Kb2 Nf4 36. Nxf4 Rxf4 37. c4 Bc6 38. cxb5 axb5 39. Rc1 Rf3 40. Bf5 Bd5
41. Rc5 Bxb3 42. Rxb5 Ba4 43. Rb4 Bc6 44. Rc4=
1/2-1/2

[Event "Winter 2009 Masters Championship"]
[Site "SchemingMind.com"]
[Date "2009.12.16"]
[Round "-"]
[White "klagefall"]
[Black "pcmvr"]
[Result "1-0"]
[WhiteCountry "GER"]
[BlackCountry "NED"]
[WhiteElo "2055"]
[WhiteRD "72"]
[BlackElo "2302"]
[BlackRD "95"]
[GameID "231262"]

1. d4 e6 2. c4 Nf6 3. Nf3 d5 4. Bg5 Be7 5. e3 O-O 6. Nc3 Nbd7 7. Rc1 c6 8. Bd3 dxc4 9. Bxc4 Nd5 10. Bxe7 Qxe7
11. O-O Nxc3 12. Rxc3 e5 13. dxe5 Nxe5 14. Nxe5 Qxe5 15. f4 Qe4 16. Qe2 Bf5 17. Bd3 Qd5 18. e4 Qd4+ 19. Qf2 Qb6 20. Qxb6 axb6
21. exf5 Rxa2 22. Rb1 Rd8 23. Kf2 Kf8 24. Ke3 Ke7 25. Ra3 Rxa3 26. bxa3 b5 27. a4
1-0

[Event "Winter 2009 Masters Championship"]
[Site "SchemingMind.com"]
[Date "2009.12.16"]
[Round "-"]
[White "andu"]
[Black "pcmvr"]
[Result "0-1"]
[WhiteCountry "AUT"]
[BlackCountry "NED"]
[WhiteElo "2190"]
[WhiteRD "56"]
[BlackElo "2302"]
[BlackRD "95"]
[GameID "231263"]

1. e4 e6 2. d4 d5 3. Nc3 Nf6 4. e5 Nfd7 5. Nf3 c5 6. Bg5 Qb6 7. Be3 a6 8. a3 Nc6 9. Be2 Qc7 10. O-O cxd4
11. Bxd4 Be7 12. Qd3 O-O 13. Rfe1 Ndxe5 14. Nxe5 Nxe5 15. Qe3 Bd6 16. Rad1 Bd7 17. g3 Rfc8 18. f4 Nc4 19. Bxc4 Qxc4 20. Qf3 f6
21. Be3 Kh8 22. Rd3 Re8 23. Qh5 Rad8 24. Re2 Qc8 25. Red2 Bc6 26. Bb6 Bc7 27. Be3 Kg8 28. Qh3 Rd7 29. Qg4 Qd8 30. Qe2 Bb6
31. Qf2 d4
0-1

[Event "Winter 2009 Masters Championship"]
[Site "SchemingMind.com"]
[Date "2009.12.15"]
[Round "-"]
[White "talobsessed"]
[Black "pcmvr"]
[Result "1/2-1/2"]
[WhiteCountry "SWE"]
[BlackCountry "NED"]
[WhiteElo "2268"]
[WhiteRD "84"]
[BlackElo "2326"]
[BlackRD "87"]
[GameID "231264"]

1. e4 e6 2. d4 d5 3. exd5 exd5 4. Nf3 Nf6 5. Bd3 Bd6 6. O-O O-O 7. Re1 Bg4 8. Bg5 Nbd7 9. Nbd2 h6 10. Bh4 c5
11. dxc5 Nxc5 12. Nb3 g5 13. Bg3 Bxg3 14. hxg3 Nce4 15. Be2 Re8 16. Qd4 Kg7 17. Bd3 Qb6 18. Qxb6 axb6 19. Nbd4 Bd7 20. Re2 Ra5
21. a3 Rc5 22. Rae1 Rcc8 23. c3 Kf8 24. Bxe4 Nxe4 25. Nc2 Nd6 26. Nb4 Rxe2 27. Rxe2 Bb5 28. Rd2 Bc6 29. Nd4 Nc4 30. Rc2 h5
31. f3 Kg7 32. a4 Ne5 33. b3 Kf6 34. Rf2 Ng6 35. f4 gxf4 36. gxf4 Ne7 37. Rf3 Bd7 38. Kf2 Be6 39. Rd3 Nc6 40. Nbc2 h4
41. Nb5 Bf5 42. Rd2 Bxc2= 43. Rxc2 Na5 44. b4 Nc4 45. Re2=
1/2-1/2